000
00254nam a22000977a 4500
999
_c
16247
_d
16247
003
OSt
008
200626b ||||| |||| 00| 0 eng d
100
_a
C.H.KUNHAPPA
_9
4645
245
_a
ഇന്ത്യയെ കണ്ടെത്തല്
942
_c
BK